Cluster policies as widely recognized approach stimulating economic growth

Klastre a ekonomický rast. Klastrová politika v Českej republike, Maďarsku, Slovensku a Poľsku.

Salvato in:
Dettagli Bibliografici
Autore principale: Balog, Miroslav
Altri autori: Špirková, Daniela
Natura: Capitolo di libro
Lingua:inglese
Soggetti:
Tags: Aggiungi Tag
Nessun Tag, puoi essere il primo ad aggiungerne!!

MARC

LEADER 00000naa a2200000 4500
001 0169738
005 20231013085033.0
041 0 |a eng 
044 |a SK 
245 1 0 |a Cluster policies as widely recognized approach stimulating economic growth  |c Miroslav Balog, Daniela Špirková 
520 |a Klastre a ekonomický rast. Klastrová politika v Českej republike, Maďarsku, Slovensku a Poľsku. 
610 2 0 |a klaster 
610 2 0 |a rast hospodársky 
610 2 0 |a Maďarsko 
610 2 0 |a Česko 
610 2 0 |a Slovensko 
610 2 0 |a Poľsko 
610 2 0 |a spolupráca podnikov 
100 1 |a Balog, Miroslav 
700 1 |a Špirková, Daniela